000
00300nam a2200121Ia 4500
008
190216s9999||||xx |||||||||||||| ||und||
100
_a
Sathyakam Vedalamkar
245
0
_a
Hindi-Siksha Sidhanth Aur Samasyayem
260
_b
Chethak Publishing
_c
2008
300
_a
176
650
_a
Hindi
942
_c
BK
999
_c
16644
_d
16644